El realismo francés: Stendhal, Balzac, Flaubert, Zola, Proust

Αποθηκεύτηκε σε:
Λεπτομέρειες βιβλιογραφικής εγγραφής
Κύριος συγγραφέας: Levin, Harry (Συγγραφέας)
Μορφή: Βιβλίο
Γλώσσα:Ισπανικά
Έκδοση: Barcelona Laia 1974
Σειρά:Colección Papel 451, 22
Θέματα:
Ετικέτες: Προσθήκη ετικέτας
Δεν υπάρχουν, Καταχωρήστε ετικέτα πρώτοι!

MARC

LEADER 00000nam a2200000 a 4500
001 UCX0835
003 CL-VaPUC
008 900322e19740000SP |||||||||||||||||spa|d
082 0 4 |a 840.9  |b LEV  |2 21 
100 |a Levin, Harry  |e author  |9 370597 
245 1 3 |a El realismo francés: Stendhal, Balzac, Flaubert, Zola, Proust 
300 |a 608 p 
942 |c BK 
945 |d 19900322 00:00:00 
260 |a Barcelona  |b Laia  |c 1974 
600 0 |a Balzac, Honoré de   |9 265437 
600 0 7 |a FLAUBERT, GUSTAVE  |2 CL-VaPUC  |9 316219 
600 0 7 |a ZOLA, EMILE  |2 CL-VaPUC  |9 316220 
600 0 7 |a PROUST, MARCEL  |2 CL-VaPUC  |9 316221 
650 7 |a REALISMO EN LA LITERATURA  |2 CL-VaPUC  |9 316222 
583 |a last modification  |c 19900322 00:00:00  |k Rodrigo Vera 
490 0 |a Colección Papel 451, 22 
999 |c 222274  |d 222272 
952 |0 0  |1 0  |4 0  |6 840_900000000000000_LEV_1974  |7 0  |8 A  |9 216732  |a BIBEDU  |b BIBEDU  |d 2019-11-15  |i 2855437  |o 840.9 LEV 1974  |p 2855437  |r 2019-11-15  |w 2019-11-15  |y BK  |k LIT